| 000 | 00470nam a22001937a 4500 | ||
|---|---|---|---|
| 003 | CEME | ||
| 005 | 20210628202622.0 | ||
| 008 | 210210b xxu||||| |||| 00| 0 eng d | ||
| 020 | _a1-85573-380-3 | ||
| 040 | _c. | ||
| 082 | _a658.5 MAT | ||
| 100 |
_aMather, Hal _960776 |
||
| 245 | _aCompetitive manufacturing | ||
| 250 | _a2ND | ||
| 260 |
_aNEW DELHI _bBUTTERWORTH HEINEMANN _c2001 |
||
| 300 | _aXVIII,268P | ||
| 650 |
_aMANUFACTURING _960777 |
||
| 942 |
_cBK _2ddc |
||
| 999 |
_c570419 _d570419 |
||